[Event "FTX Crypto Cup Prelims 2021"]
[Site "Chess24"]
[Date "2021.05.18"]
[Round "9.5"]
[White "Giri, Anish"]
[Black "Svidler, Peter"]
[Result "0-1"]
[WhiteElo "2731"]
[BlackElo "2742"]
[Annotator "TA"]
[PlyCount "64"]
[EventDate "2021.05.23"]
[EventType "tourn"]
[EventCountry "NET"]
[Tiebreak "Koya+Number of black wins+Number of wins"]
[SourceTitle "playchess.com"]
[Source "ChessBase"]
[SourceQuality "1"]

{[%evp 9,64,10,25,7,21,0,0,0,1,-25,-18,-17,-35,-35,-37,-24,-17,-12,-7,-4,0,0,
-6,0,0,-106,-7,-86,-98,-113,-113,-114,-112,-153,-149,-146,-139,-441,-441,-441,
-441,-509,-499,-533,-527,-519,-538,-612,-604,-962,-941,-943,-938,-1043,-590,
-587,-587]} 1. d4 Nf6 2. c4 g6 3. Nc3 d5 4. cxd5 Nxd5 5. Bd2 Nb6 6. e3 {
D85: Exchange Grünfeld: Unusual White 7th moves and lines with 7 Nf3.} Bg7 7.
h4 {[#]} e5 $146 ({Predecessor:} 7... h5 8. Nf3 Bg4 9. Qb3 O-O 10. Ng5 e5 11.
d5 c6 12. f3 Bc8 13. dxc6 Nxc6 {1-0 (32) Anton Guijarro,D (2675)-Svidler,P 
(2723) chess24.com INT 2020}) 8. dxe5 {The position is equal.} Nc6 9. Nf3 Nxe5
10. Nxe5 Bxe5 11. h5 Qe7 12. a4 Be6 13. a5 Nd7 14. a6 bxa6 15. hxg6 hxg6 16.
Rxh8+ Bxh8 17. Bxa6 {[#]} (17. Rxa6 $11 Nc5 18. Rc6) 17... Rb8 ({Black should
try} 17... Nc5 $1 $17 {Strongly threatening ...Rd8.} 18. Bf1 Rd8 19. Rxa7 Bxc3
20. bxc3 Bb3) 18. Qa4 (18. Bf1 $11 {keeps the balance.}) 18... Rxb2 $17 {
And now ...Qd6 would win.} 19. Qa3 Qxa3 20. Rxa3 Nc5 21. Bb5+ {[%mdl 64] [#]
Discovered Attack} Kd8 {...Bxc3 is the strong threat.} 22. Be2 Nb3 $36 {
[%mdl 2048] Black has strong initiative.} 23. Rxa7 $2 {[%mdl 8192] This costs
White the game.} (23. Ne4 $17) 23... Be5 $19 {Black is clearly winning.} ({
Less strong is} 23... Rxd2 24. Ra8+ Bc8 25. Ne4 $17) 24. f4 Bd6 ({Inferior is} 
24... Rxd2 25. fxe5 Rc2 26. Ne4 $11) 25. Ra8+ Ke7 26. Rb8 Rxd2 27. Bb5 Rc2 28.
Ne4 {[%csl Gb5][%cal Rb8e8]} Bb4+ 29. Kd1 {[%csl Gb5][%cal Rb8e8]} Rc1+ 30. Ke2
Bg4+ 31. Kd3 Nc5+ 32. Nxc5 Bxc5 {Weighted Error Value: White=0.58/Black=0.22}
0-1

[Event "FTX Crypto Cup Prelims 2021"]
[Site "Chess24"]
[Date "2021.05.18"]
[Round "9.6"]
[White "Ding, Liren"]
[Black "Firouzja, Alireza"]
[Result "1/2-1/2"]
[WhiteElo "2836"]
[BlackElo "2703"]
[Annotator "RC"]
[PlyCount "76"]
[EventDate "2021.05.23"]
[EventType "tourn"]
[EventCountry "NET"]
[Tiebreak "Koya+Number of black wins+Number of wins"]
[SourceTitle "playchess.com"]
[Source "ChessBase"]
[SourceQuality "1"]
[TimeControl "900+10"]

1. d4 {[%emt 0:00:00]} f5 {[%emt 0:00:00]} 2. g3 {[%emt 0:00:00]} Nf6 {[%emt 0:
00:00]} 3. Bg2 {[%emt 0:00:00]} e6 {[%emt 0:00:00]} 4. Nf3 {[%emt 0:00:03]} d5
{[%emt 0:00:04]} 5. c4 {[%emt 0:00:11]} c6 {[%emt 0:00:03]} 6. Bf4 {[%emt 0:00:
14]} Be7 {[%emt 0:00:48]} 7. O-O {[%emt 0:00:31]} O-O {[%emt 0:00:18]} 8. Nbd2
{[%emt 0:00:26]} Ne4 {[%emt 0:01:18]} 9. Rc1 {[%emt 0:03:30]} Nd7 {[%emt 0:00:
15]} 10. Nxe4 {[%emt 0:01:04]} fxe4 {[%emt 0:00:26]} 11. Ne5 {[%emt 0:00:01]}
Bg5 {[%emt 0:00:21]} 12. Bxg5 {[%emt 0:00:50]} Qxg5 {[%emt 0:00:03]} 13. f4 {
[%emt 0:00:00]} Qe7 {[%emt 0:04:32]} 14. Qb3 {[%emt 0:00:27]} Nxe5 {[%emt 0:01:
49]} 15. fxe5 {[%emt 0:01:40]} Rxf1+ {[%emt 0:00:17]} 16. Bxf1 {[%emt 0:01:17]}
a5 {[%emt 0:02:20]} 17. e3 {[%emt 0:01:12]} Qb4 {[%emt 0:01:04]} 18. Qc2 {
[%emt 0:00:12]} Qe7 {[%emt 0:00:15]} 19. Be2 {[%emt 0:00:23]} Bd7 {[%emt 0:00:
04]} 20. c5 {[%emt 0:00:05]} Qg5 {[%emt 0:00:21]} 21. Qd2 {[%emt 0:00:28]} Be8
{[%emt 0:00:29]} 22. Rf1 {[%emt 0:00:26]} Bh5 {[%emt 0:00:18]} 23. Bxh5 {
[%emt 0:01:22]} Qxh5 {[%emt 0:00:00]} 24. Qf2 {[%emt 0:00:01]} a4 {[%emt 0:00:
40]} 25. Kg2 {[%emt 0:00:20]} h6 {[%emt 0:00:09]} 26. h3 {[%emt 0:00:01]} Rb8 {
[%emt 0:00:06]} 27. g4 {[%emt 0:00:12]} Qg6 {[%emt 0:00:06]} 28. Kg3 {[%emt 0:
00:38]} Qe8 {[%emt 0:01:10]} 29. Qc2 {[%emt 0:00:59]} Ra8 {[%emt 0:00:10]} 30.
Qd2 {[%emt 0:00:15]} Qe7 {[%emt 0:00:06]} 31. h4 {[%emt 0:00:48]} Rf8 {[%emt 0:
00:48]} 32. Rxf8+ {[%emt 0:00:02]} Qxf8 {[%emt 0:00:00]} 33. Qf2 {[%emt 0:00:
00]} Qd8 {[%emt 0:00:05]} 34. h5 {[%emt 0:00:24]} Qe7 {[%emt 0:00:18]} 35. Qc2
{[%emt 0:00:12]} Qf8 {[%emt 0:00:09]} 36. Qf2 {[%emt 0:00:01]} Qe7 {[%emt 0:00:
02]} 37. Qc2 {[%emt 0:00:02]} Qf8 {[%emt 0:00:01]} 38. Qf2 {[%emt 0:00:00]} Qe7
{[%emt 0:00:01]} 1/2-1/2

[Event "FTX Crypto Cup Prelims 2021"]
[Site "Chess24"]
[Date "2021.05.18"]
[Round "9.7"]
[White "Grischuk, Alexander"]
[Black "Nakamura, Hikaru"]
[Result "1/2-1/2"]
[WhiteElo "2784"]
[BlackElo "2829"]
[Annotator "ChessBase"]
[PlyCount "69"]
[EventDate "2021.05.23"]
[EventType "tourn"]
[EventCountry "NET"]
[Tiebreak "Koya+Number of black wins+Number of wins"]
[SourceTitle "playchess.com"]
[Source "ChessBase"]
[SourceQuality "1"]
[TimeControl "900+10"]

1. e4 {[%emt 0:00:00]} e5 {[%emt 0:00:00]} 2. Nf3 {[%emt 0:00:00]} Nc6 {
[%emt 0:00:00]} 3. Bb5 {[%emt 0:00:00]} Nf6 {[%emt 0:00:00]} 4. O-O {[%emt 0:
00:00]} Nxe4 {[%emt 0:00:00]} 5. d4 {[%emt 0:00:00]} Nd6 {[%emt 0:00:00]} 6.
Bxc6 {[%emt 0:00:00]} dxc6 {[%emt 0:00:00]} 7. dxe5 {[%emt 0:00:00]} Nf5 {
[%emt 0:00:00]} 8. Qxd8+ {[%emt 0:00:00]} Kxd8 {[%emt 0:00:00]} 9. Nc3 {
[%emt 0:00:00]} Bd7 {[%emt 0:00:00]} 10. h3 {[%emt 0:00:07]} h6 {[%emt 0:00:14]
} 11. b3 {[%emt 0:00:03]} b6 {[%emt 0:00:11]} 12. Bb2 {[%emt 0:00:04]} Kc8 {
[%emt 0:00:12]} 13. Rad1 {[%emt 0:00:32]} a5 {[%emt 0:01:48]} 14. Rd3 {[%emt 0:
01:27]} Be7 {[%emt 0:00:20]} 15. Rfd1 {[%emt 0:05:17]} Be6 {[%emt 0:02:41]} 16.
g4 {[%emt 0:01:58]} Nh4 {[%emt 0:00:02]} 17. Nxh4 {[%emt 0:01:03]} Bxh4 {
[%emt 0:00:00]} 18. f4 {[%emt 0:00:02]} g6 {[%emt 0:00:30]} 19. a4 {[%emt 0:01:
01]} Kb7 {[%emt 0:02:28]} 20. Ne2 {[%emt 0:02:01]} c5 {[%emt 0:00:28]} 21. c4 {
[%emt 0:00:10]} h5 {[%emt 0:00:39]} 22. g5 {[%emt 0:00:45]} Bf5 {[%emt 0:00:03]
} 23. Re3 {[%emt 0:01:56]} Rhd8 {[%emt 0:00:14]} 24. Rd5 {[%emt 0:00:02]} Be1 {
[%emt 0:01:02]} 25. Bc3 {[%emt 0:00:17]} Bxc3 {[%emt 0:00:51]} 26. Nxc3 {
[%emt 0:01:13]} c6 {[%emt 0:00:09]} 27. Rxd8 {[%emt 0:00:25]} Rxd8 {[%emt 0:00:
00]} 28. Ne4 {[%emt 0:00:08]} Rd1+ {[%emt 0:00:57]} 29. Kg2 {[%emt 0:00:29]}
Kc7 {[%emt 0:00:17]} 30. Nd6 {[%emt 0:00:03]} Be6 {[%emt 0:00:01]} 31. h4 {
[%emt 0:00:05]} Rd2+ {[%emt 0:00:08]} 32. Kg3 {[%emt 0:00:04]} Rd1 {[%emt 0:00:
01]} 33. Kg2 {[%emt 0:00:04]} Rd2+ {[%emt 0:00:07]} 34. Kg3 {[%emt 0:00:07]}
Rd1 {[%emt 0:00:01]} 35. Kg2 {[%emt 0:01:10]} 1/2-1/2

[Event "FTX Crypto Cup Prelims 2021"]
[Site "Chess24"]
[Date "2021.05.18"]
[Round "9.8"]
[White "Dubov, Daniil"]
[Black "Carlsen, Magnus"]
[Result "0-1"]
[WhiteElo "2770"]
[BlackElo "2881"]
[Annotator "TA"]
[PlyCount "82"]
[EventDate "2021.05.23"]
[EventType "tourn"]
[EventCountry "NET"]
[Tiebreak "Koya+Number of black wins+Number of wins"]
[SourceTitle "playchess.com"]
[Source "ChessBase"]
[SourceQuality "1"]

{[%evp 9,82,36,36,36,41,-12,66,28,45,0,11,0,10,9,5,12,14,9,9,6,20,25,23,26,25,
0,0,0,0,0,0,-26,-15,-110,-117,-110,-108,-120,-122,-112,-112,-133,-137,-135,
-151,-136,-135,-161,-146,-159,-133,-154,-154,-213,-222,-208,-210,-291,-254,
-381,-379,-444,-438,-618,-609,-624,-622,-1178,-1123,-1187,-1191,-1117,-1090,
-992,-840]} 1. d4 d5 2. c4 c5 3. Nf3 cxd4 4. cxd5 Nf6 5. Nxd4 Qxd5 6. Nc3 {
A31: Symmetrical English: 2 Nf3 Nf6 3 d4.} Qa5 7. e4 (7. Nb3 $14 Qc7 8. e4)
7... Bd7 ({Better is} 7... Nxe4 $1 $11 8. Bd2 Nxd2 9. Qxd2 a6) 8. Bd2 {[#]
Hoping for Ndb5.White is slightly better.} Nc6 $146 ({Predecessor:} 8... e5 9.
Ndb5 Qd8 10. Bg5 Bb4 11. Nd6+ Ke7 12. Nc4 Nc6 13. a3 Bxc3+ 14. bxc3 Be6 {
1/2-1/2 (31) Wirthensohn,H (2395)-Steiger,W Baden 1992}) 9. Ndb5 {[#] And now
Nd5 would win.} Rc8 10. Rc1 e5 11. Bc4 {With the idea Qb3.} a6 {[#]} 12. Nd5 $1
Qd8 13. Nbc3 Nd4 14. Bb3 Nxd5 15. Bxd5 Bc6 16. O-O Bc5 17. Qg4 O-O 18. Kh1 Bxd5
19. Nxd5 {Black must now prevent Bg5.} f5 20. Qg5 (20. Qh5 {keeps more tension.
} Qd7 21. f3 Bd6 22. Bc3 fxe4 23. fxe4 Qb5 24. Rfd1) 20... fxe4 21. Qxe5 (21.
Nc3 $1 $11 {remains equal.}) 21... Rf5 $36 {[%mdl 2048] Black is really
pushing. White is now going downhill.} 22. Qxd4 Bxd4 23. Rxc8 Rxd5 24. Rxd8+
Rxd8 {[%mdl 4096] Endgame KRB-KRB} 25. g3 Bxb2 26. Bf4 b5 27. Re1 Rd4 28. Kg2
Rc4 29. Rd1 Bf6 30. Rd2 Kf7 31. g4 (31. Rd7+ $17 Ke8 32. Rd5) 31... Bd4 $19 32.
Re2 Bc5 33. Rd2 Ke6 34. h4 (34. Bc7 {was called for.}) 34... a5 {[%cal Ba6a5,
Ba5a4,Ba4b3][%mdl 32]} 35. h5 a4 {Black is clearly winning.} 36. h6 (36. Rb2
$142 b4 37. h6) 36... gxh6 37. Bxh6 b4 38. Bf4 b3 39. axb3 axb3 40. Rb2 Rc3 41.
Rb1 Kd5 {Weighted Error Value: White=0.42/Black=0.07} 0-1

[Event "FTX Crypto Cup Prelims 2021"]
[Site "Chess24"]
[Date "2021.05.18"]
[Round "10.1"]
[White "Aronian, Levon"]
[Black "Carlsen, Magnus"]
[Result "1-0"]
[WhiteElo "2778"]
[BlackElo "2881"]
[Annotator "TA"]
[PlyCount "101"]
[EventDate "2021.05.23"]
[EventType "tourn"]
[EventCountry "NET"]
[Tiebreak "Koya+Number of black wins+Number of wins"]
[SourceTitle "playchess.com"]
[Source "ChessBase"]
[SourceQuality "1"]

{[%evp 9,101,0,17,14,14,13,18,0,16,13,13,8,2,-14,0,0,0,0,0,0,0,0,0,0,6,0,24,8,
36,16,40,28,34,20,50,12,29,22,33,42,34,35,37,0,0,0,0,0,0,0,0,0,0,0,8,8,64,53,
64,0,47,47,129,122,258,251,264,262,260,222,353,343,378,381,380,373,520,336,320,
301,362,358,362,362,362,362,362,362,928,886,779,475,475,438]} 1. d4 d5 2. Nf3
Nf6 3. Bf4 c5 4. e3 Nc6 5. Nbd2 cxd4 6. exd4 {D02: 1 d4 d5 2 Nf3 sidelines,
including 2...Nf6 3 g3 and 2...Nf6 3 Bf4.} Qb6 7. Nb3 Bg4 8. a4 {[%cal Ba2a4,
Ba4a5][%mdl 32] The position is equal.} a6 9. a5 Qd8 10. h3 Bh5 11. g4 Bg6 12.
Ne5 {[#]} Nd7 $146 ({Predecessor:} 12... Rc8 13. Nc5 Nxa5 14. c3 Qb6 15. Qa4+
Nc6 16. Nxb7 Ne4 17. Bxa6 Qxb2 18. O-O Nxc3 19. Qxc6+ Rxc6 20. Bb5 Qxb5 21.
Ra8+ {1-0 (21) Csonka,B (2498)-Ioannidis,E (2411) Chess.com INT 2021}) 13. Nxg6
hxg6 14. c3 e6 15. Bd3 Nf6 16. Qf3 Bd6 17. Kf1 Bxf4 18. Qxf4 Nd7 19. Kg2 g5 20.
Qg3 Rc8 21. Rhe1 Qc7 22. Nd2 Qxg3+ 23. fxg3 Ke7 24. Nf3 f6 25. Bf5 Nf8 26. c4 {
And now cxd5 would win.} (26. Bc2 {seems wilder.} Kd6 27. h4 gxh4 28. gxh4 Nd7
29. h5) 26... Kf7 27. cxd5 exf5 28. dxc6 fxg4 29. hxg4 ({Don't blunder} 29.
cxb7 $2 gxf3+ 30. Kxf3 Rb8 $19) 29... Rxc6 {Strongly threatening ...Rc2+.} 30.
Rac1 Ng6 31. d5 Rcc8 32. Nd4 {With the idea Nf5.} Rhd8 (32... Rxc1 $11 33. Rxc1
Ke7) 33. Ne6 $14 Re8 34. b4 ({Better is} 34. Rxc8 $1 $14 Rxc8 35. d6 Rc2+ 36.
Kf1) 34... Ne5 {[#] aiming for ...Nd3.} 35. Nxg5+ $1 Ke7 {[#]} ({Black should
try} 35... Kg8 $1 $14) 36. Ne6 $1 $36 {[%mdl 2048] White is on the roll.} g5 {
[#] A mistake that costs the game.} (36... Rxc1 $16 37. Rxc1 Kd6) 37. Nc5 $1
$18 Red8 38. Rcd1 Kf7 39. Rd4 ({Inferior is} 39. Nxb7 Rc2+ 40. Kg1 Rh8 $17)
39... Rc7 (39... Nd7 {might work better.}) 40. Re2 Rd6 41. Ne4 Rdd7 {[#]} 42.
Nxg5+ $1 {[%mdl 512]} Kg6 (42... fxg5 43. Rxe5) 43. Nf3 Nxf3 44. Kxf3 {[%mdl
4096] Endgame KRR-KRR} Rc1 45. d6 Rc6 46. Re7 Rdxd6 47. Rxd6 Rxd6 48. Rxb7 Rd3+
$2 (48... Rd4 49. Rb8 Rc4) 49. Ke4 {White is clearly winning.} Rxg3 50. Kd5
Rxg4 51. Kc5 {Weighted Error Value: White=0.09/Black=0.25} 1-0

[Event "FTX Crypto Cup Prelims 2021"]
[Site "Chess24"]
[Date "2021.05.18"]
[Round "10.2"]
[White "Nakamura, Hikaru"]
[Black "Dubov, Daniil"]
[Result "1/2-1/2"]
[WhiteElo "2829"]
[BlackElo "2770"]
[Annotator "TA"]
[PlyCount "83"]
[EventDate "2021.05.23"]
[EventType "tourn"]
[EventCountry "NET"]
[Tiebreak "Koya+Number of black wins+Number of wins"]
[SourceTitle "playchess.com"]
[Source "ChessBase"]
[SourceQuality "1"]

{[%evp 14,83,12,14,42,22,35,34,30,28,27,37,25,31,40,31,18,7,0,6,2,0,0,0,12,4,
13,2,2,10,7,0,0,0,0,0,0,0,0,0,2,0,0,0,0,0,0,0,0,0,0,0,0,0,0,0,0,0,0,0,0,0,0,0,
0,0,0,0,0,0,0,0]} 1. d4 Nf6 2. c4 g6 3. g3 c6 4. Bg2 d5 5. Nf3 Bg7 6. O-O O-O
7. Qb3 {7.Ne5 is setting a new trend.} dxc4 8. Qxc4 b5 {D78: Fianchetto
Grünfeld: 6 0-0 c6.} 9. Qb3 Be6 10. Qd1 {[#]} c5 $146 {White is slightly
better.} ({Predecessor:} 10... Nbd7 11. Ng5 Bd5 12. e4 Bc4 13. Re1 e5 14. b3
Be6 15. Bb2 Bg4 16. f3 h6 17. Nxf7 Rxf7 18. fxg4 {1/2-1/2 (36) Mamedyarov,S 
(2772)-Svidler,P (2723) Moscow 2019}) 11. Nc3 Nc6 12. dxc5 b4 13. Nb5 Bd5 14.
Nbd4 Qa5 15. a3 {The position is equal.} Qxc5 16. Nxc6 Bxc6 17. Bd2 bxa3 18.
Rxa3 Rad8 19. Qc1 Qxc1 20. Bxc1 Rd7 21. Ne5 Bxg2 22. Nxd7 Bxf1 23. Nxf6+ Bxf6
24. Kxf1 $11 {[%mdl 4096] Endgame KRB-KRB} Rc8 25. Be3 Bxb2 26. Rxa7 Bf6 27.
Rb7 h5 28. Bf4 Ra8 29. Rb8+ (29. e4 {is more complex.} Ra1+ 30. Ke2 Ra2+ 31.
Kf3 Ra3+ 32. Ke2) 29... Rxb8 30. Bxb8 {KB-KB} Kg7 31. h3 Kg8 32. f3 e6 33. g4
hxg4 34. hxg4 Be7 35. e4 f5 36. gxf5 gxf5 37. exf5 exf5 38. Ke2 Kf7 39. Bf4 Ke6
40. Bd2 Kd5 41. Bc1 Bd6 42. Bd2 {Weighted Error Value: White=0.01/Black=0.01}
1/2-1/2

[Event "FTX Crypto Cup Prelims 2021"]
[Site "Chess24"]
[Date "2021.05.18"]
[Round "10.3"]
[White "Firouzja, Alireza"]
[Black "Grischuk, Alexander"]
[Result "0-1"]
[WhiteElo "2703"]
[BlackElo "2784"]
[Annotator "ChessBase"]
[PlyCount "106"]
[EventDate "2021.05.23"]
[EventType "tourn"]
[EventCountry "NET"]
[Tiebreak "Koya+Number of black wins+Number of wins"]
[SourceTitle "playchess.com"]
[Source "ChessBase"]
[SourceQuality "1"]
[TimeControl "900+10"]

1. e4 {[%emt 0:00:00]} c5 {[%emt 0:00:00]} 2. Nf3 {[%emt 0:00:00]} e6 {[%emt 0:
00:00]} 3. d4 {[%emt 0:00:03]} cxd4 {[%emt 0:00:00]} 4. Nxd4 {[%emt 0:00:00]}
Nf6 {[%emt 0:00:00]} 5. Nc3 {[%emt 0:00:03]} Nc6 {[%emt 0:00:00]} 6. Be2 {
[%emt 0:00:17]} Bb4 {[%emt 0:00:00]} 7. O-O {[%emt 0:00:10]} Bxc3 {[%emt 0:00:
00]} 8. bxc3 {[%emt 0:00:02]} Nxe4 {[%emt 0:00:00]} 9. Qd3 {[%emt 0:00:15]} d5
{[%emt 0:00:24]} 10. Ba3 {[%emt 0:00:41]} Nd6 {[%emt 0:09:34]} 11. Qg3 {
[%emt 0:03:33]} Nxd4 {[%emt 0:00:05]} 12. cxd4 {[%emt 0:00:01]} Nf5 {[%emt 0:
00:01]} 13. Qh3 {[%emt 0:01:15]} Bd7 {[%emt 0:04:11]} 14. Bd3 {[%emt 0:02:05]}
Qf6 {[%emt 0:00:04]} 15. Rab1 {[%emt 0:01:51]} b6 {[%emt 0:00:01]} 16. Rfe1 {
[%emt 0:01:16]} Ne7 {[%emt 0:00:11]} 17. Bd6 {[%emt 0:00:42]} Ng6 {[%emt 0:00:
36]} 18. Qe3 {[%emt 0:01:34]} Rd8 {[%emt 0:01:10]} 19. c3 {[%emt 0:01:06]} Bc6
{[%emt 0:00:21]} 20. Ba3 {[%emt 0:00:28]} Rd7 {[%emt 0:00:50]} 21. Qg3 {
[%emt 0:00:19]} Nf4 {[%emt 0:00:39]} 22. Bf1 {[%emt 0:00:10]} Ng6 {[%emt 0:00:
11]} 23. Bd3 {[%emt 0:01:05]} Nf4 {[%emt 0:00:01]} 24. Bc2 {[%emt 0:00:01]} g5
{[%emt 0:00:09]} 25. Bc1 {[%emt 0:01:02]} h6 {[%emt 0:00:20]} 26. h4 {[%emt 0:
00:05]} Rg8 {[%emt 0:00:09]} 27. Bd2 {[%emt 0:00:27]} Rc7 {[%emt 0:00:19]} 28.
Re3 {[%emt 0:00:40]} Kd7 {[%emt 0:00:01]} 29. Rbe1 {[%emt 0:00:13]} Kc8 {
[%emt 0:00:18]} 30. Rf3 {[%emt 0:00:11]} Qg7 {[%emt 0:00:05]} 31. Bc1 {[%emt 0:
00:24]} Bb5 {[%emt 0:00:07]} 32. Bd1 {[%emt 0:00:09]} Nh5 {[%emt 0:00:21]} 33.
Qe5 {[%emt 0:00:11]} gxh4 {[%emt 0:00:11]} 34. Qxg7 {[%emt 0:00:05]} Nxg7 {
[%emt 0:00:02]} 35. Bxh6 {[%emt 0:00:10]} Nf5 {[%emt 0:00:03]} 36. Bf4 {
[%emt 0:00:00]} Rc6 {[%emt 0:00:06]} 37. Bc2 {[%emt 0:00:05]} Nxd4 {[%emt 0:00:
05]} 38. cxd4 {[%emt 0:00:02]} Rxc2 {[%emt 0:00:00]} 39. Be5 {[%emt 0:00:04]}
f5 {[%emt 0:00:10]} 40. Bf6 {[%emt 0:00:36]} Rg6 {[%emt 0:00:12]} 41. Bxh4 {
[%emt 0:00:15]} Rxa2 {[%emt 0:00:02]} 42. Rh3 {[%emt 0:00:03]} Re2 {[%emt 0:00:
42]} 43. Ra1 {[%emt 0:00:06]} Kb7 {[%emt 0:00:02]} 44. Bg3 {[%emt 0:00:04]} Rg7
{[%emt 0:00:12]} 45. Rh8 {[%emt 0:00:03]} Rxg3 {[%emt 0:00:21]} 46. fxg3 {
[%emt 0:00:03]} a5 {[%emt 0:00:08]} 47. g4 {[%emt 0:00:22]} fxg4 {[%emt 0:00:
04]} 48. Rg8 {[%emt 0:00:01]} Re4 {[%emt 0:00:09]} 49. Rd1 {[%emt 0:00:17]} Bc4
{[%emt 0:00:17]} 50. Rg7+ {[%emt 0:00:03]} Kc6 {[%emt 0:00:09]} 51. Rg8 {
[%emt 0:00:00]} a4 {[%emt 0:00:05]} 52. Ra8 {[%emt 0:00:08]} Kb5 {[%emt 0:00:
07]} 53. Kf2 {[%emt 0:00:17]} Kb4 {[%emt 0:00:07]} 0-1

[Event "FTX Crypto Cup Prelims 2021"]
[Site "Chess24"]
[Date "2021.05.18"]
[Round "10.4"]
[White "Svidler, Peter"]
[Black "Ding, Liren"]
[Result "1/2-1/2"]
[WhiteElo "2742"]
[BlackElo "2836"]
[Annotator "TA"]
[PlyCount "62"]
[EventDate "2021.05.23"]
[EventType "tourn"]
[EventCountry "NET"]
[Tiebreak "Koya+Number of black wins+Number of wins"]
[SourceTitle "playchess.com"]
[Source "ChessBase"]
[SourceQuality "1"]

{[%evp 13,62,0,13,0,2,0,9,0,0,0,0,0,0,0,0,0,0,0,0,0,0,0,10,4,4,4,5,6,11,11,13,
0,0,0,0,0,0,0,0,0,0,0,0,0,0,0,0,0,0,0,0]} 1. Nf3 d5 2. g3 c5 3. Bg2 Nf6 4. O-O
e6 5. d4 cxd4 6. Nxd4 e5 7. Nb3 Be6 {The position is equal.} 8. c4 {With the
idea Bg5. D02: 1 d4 d5 2 Nf3 sidelines, including 2...Nf6 3 g3 and 2...Nf6 3
Bf4.} Nc6 ({Don't blunder} 8... dxc4 $2 9. Qxd8+ Kxd8 10. Bxb7 $18) 9. cxd5
Nxd5 10. Bd2 Be7 11. Nc3 O-O 12. Nxd5 Bxd5 {[#]} 13. Ba5 $146 ({Predecessor:} 
13. Be3 Bxg2 14. Kxg2 Rc8 15. Rc1 b6 16. a3 Qc7 17. Qd5 {1/2-1/2 (17)
Andersson,U (2635)-Sax,G (2580) Skelleftea 1989}) 13... Bxb3 14. Bxd8 Bxd1 15.
Bxe7 Bxe2 16. Bxf8 {[#] Strongly threatening Rfe1.} Bxf1 17. Bxc6 Kxf8 (17...
Bh3 {is interesting.} 18. Bxb7 Rxf8 19. Bg2 Be6 20. b4 Rb8) 18. Bxb7 Rb8 19.
Kxf1 {aiming for Be4.} Rxb7 $11 {[%mdl 4096] Endgame KR-KR} 20. b3 Rc7 21. Rd1
Rc2 22. Rd5 Rxa2 23. Rxe5 Rb2 24. Ra5 Rxb3 25. Rxa7 g6 26. h4 h5 27. Kg2 Kg7
28. Ra8 Rb2 29. Ra7 Rb3 30. Ra8 Rb2 31. Ra7 Rb3 {Not much happened in this
game.  Weighted Error Value: White=0.02/Black=0.01} 1/2-1/2

[Event "FTX Crypto Cup Prelims 2021"]
[Site "Chess24"]
[Date "2021.05.18"]
[Round "10.5"]
[White "Caruana, Fabiano"]
[Black "Giri, Anish"]
[Result "1-0"]
[WhiteElo "2773"]
[BlackElo "2731"]
[Annotator "TA"]
[PlyCount "89"]
[EventDate "2021.05.23"]
[EventType "tourn"]
[EventCountry "NET"]
[Tiebreak "Koya+Number of black wins+Number of wins"]
[SourceTitle "playchess.com"]
[Source "ChessBase"]
[SourceQuality "1"]

{[%evp 21,89,0,0,0,0,0,53,-9,-3,-8,0,0,0,-21,21,30,98,33,44,37,44,36,38,35,53,
30,34,36,37,39,35,29,36,29,97,79,92,99,97,75,127,95,107,106,244,139,149,144,
178,178,178,140,172,168,212,195,188,181,194,188,181,178,222,186,315,315,494,
466,389,389]} 1. e4 e5 2. Nf3 Nc6 3. Bb5 a6 4. Ba4 Nf6 5. O-O b5 6. Bb3 Bc5 7.
c3 d6 8. d4 Bb6 9. Be3 O-O 10. h3 Re8 11. Nbd2 h6 12. Re1 {C78: Ruy Lopez:
Archangelsk and Möller Defences.} exd4 13. cxd4 Nb4 {[#]} (13... Nxe4 $2 14.
Nxe4 Rxe4 15. Bd5 $18) (13... Na5 $11) 14. d5 $146 (14. Qb1 $14) ({Predecessor:
} 14. Qb1 c5 15. a3 Nc6 16. d5 Ne7 17. Bc2 Ng6 18. Nf1 Bd7 19. Ng3 c4 20. Nd4 {
0-1 (46) Antolak,J (2306)-Szczepkowska,K (2415) chess24.com INT 2021}) 14...
Nd3 $11 15. Re2 Nh5 16. Bxb6 cxb6 17. Re3 Nxb2 18. Qc2 Nc4 (18... Na4 $1 $11 {
remains equal.}) 19. Bxc4 (19. Nxc4 $16 bxc4 20. Qxc4 (20. Bxc4 b5 $11)) 19...
bxc4 $14 20. Qxc4 b5 21. Qd4 Nf4 22. Rae1 $36 {[%mdl 2048] White has some
pressure.} Ng6 23. e5 dxe5 24. Nxe5 Nxe5 25. Rxe5 Rxe5 26. Rxe5 Bd7 $1 27. Nb3
Qf6 (27... Rc8 $11) 28. Nc5 $16 Rd8 29. Qe4 (29. Nxd7 Rxd7 30. Re8+ Kh7 $11)
29... g6 30. g4 ({Reject} 30. Nxd7 $6 Rxd7 31. g3 Rc7 $11) 30... Kh7 (30... b4
$142) 31. Re7 Bc8 32. Rc7 Kg8 {[#] This costs Black the game.} (32... h5 $16 {
might work better.}) 33. Kg2 ({White should play} 33. Rc6 $1 $18 {[%cal Rc6f6]}
Qa1+ 34. Kg2) 33... h5 34. Qf3 Kg7 35. Ne4 Qxf3+ 36. Kxf3 hxg4+ 37. hxg4 $18 {
[%mdl 4096] Endgame KRB-KRN} Bd7 38. Nc5 Bxg4+ 39. Kxg4 {[#] Threatens to win
with Ne6+.} Rxd5 {KRN-KR} 40. f4 Kh6 41. Kf3 ({Don't play} 41. Nxa6 f5+ 42. Kh4
Rd4 $16) 41... f5 42. Ke3 ({Much less strong is} 42. Nxa6 $6 Rd3+ 43. Ke2 Rd4
$16) 42... Rd6 (42... Rd1 $142 43. Nxa6 Re1+ 44. Kf3 Rf1+ 45. Kg3 Rg1+ 46. Kf2
Rh1) 43. Ra7 Rc6 (43... Kh5 {was called for.} 44. Rxa6 Rd8) 44. Kd4 Rd6+ 45.
Ke5 {Weighted Error Value: White=0.12/Black=0.29} 1-0